Statistics for Clash Royale Quiz

Click here to take the quiz!

General Stats

  • This quiz has been taken 136 times
  • The average score is 2 of 5

Answer Stats

HintAnswer% Correct
Name one card from training camparrows
88%
Which card does the most damage at level 8?P.E.K.K.A
61%
How many cards are in the game?71
44%
How much money does 2500 gems cost?20
22%
Name one card from ledgendary arena?!none
19%

Score Distribution

Percentile by Number Answered

Percent of People with Each Score

Your Score History

You have not taken this quiz